000 01086nam a2200301 i 4500
001 000008746
003 DO-SdBNP
005 20250918100323.0
007 ta
008 090918t1999 dr ad 000 0 spa d
040 _aDO-SdBNP
_bspa
_cBNPHU
_erda
041 _aspa
082 _a338.4791
_bJ61t
_222
100 1 _aJiménez, Felucho
_eautor
_923276
245 1 3 _aEl turismo en la República Dominicana :
_bconferencias /
_cFelucho Jiménez ; prólogo Marino Ginebra.
264 _aSanto Domingo :
_bAmigo del Hogar,
_c1999.
300 _a158 páginas :
_bilustraciones ;
_c24 cm.
336 _ardacontent
_btexto
_2txt
337 _ardamedia
_bsin mediación
_2n
338 _ardacarrier
_bvolumen
_2nc
500 _aIncluye datos biográficos del autor en la solapa de la cubierta.
590 _aInventariado,2018/DG
650 4 _aTurismo
_xAspectos económicos
_zRepública Dominicana
_xEnsayos, conferencias, etc.
_923277
650 4 _aPolítica turística
_923278
700 1 _aGinebra, Marino,
_eprólogo
_923279
910 _aValidado. Control de calidad EMS.
942 _2ddc
_cLBS1
999 _c8516
_d8516